000 01227namaa2200313 i 4500
003 EG-GICUC
005 20251113120127.0
008 251111s1991 ua |||jr|||| 000 0 ara d
017 _a1991 / 18083
_bدار الكتب والوثائق القومية(مصر)
020 _a9775241014
040 _aEG-GiCUC
_bara
_cEG-GiCUC
_dEG-GiCUC
_erda
082 0 4 _221
_a414
_bS538a
092 0 4 _221
_a414
_bS538a
099 _a414 S538a
100 1 _aالشيخ، عبد الواحد حسن
_eمؤلف.
245 1 2 _aالعلاقات الدلالية والتراث البلاغى العربى :
_bدراسة تطبيقية /
_cدكتور عبد الواحد حسن الشيخ.
250 _aالطبعة الاولى
264 _aالاسكندرية(مصر) :
_bمكتبة ومطبعة الاشعاع،
_c1991.
300 _a182 صفحة ؛
_c24 سم
336 _2rdacontent
_atext
337 _2rdamedia
_aUnmediated
338 _2rdacarrier
_avolume
504 _aيشتمل على ارجاعات ببليوجرافية.
541 _aد. جابر عصفور ؛
_bالقاهرة ؛
_cإهداء ؛
_d2024.
650 1 7 _aالبلاغة العربية
_2qrmak
651 1 _2qrmak
905 _aAya
942 _2ddc
_cBK
_e21
_n0
999 _c175753
_d175753